000 00412nam a22001457a 4500
999 _c7549
_d7547
005 20210310153952.0
008 210310b ||||| |||| 00| 0 eng d
082 _a346.066
100 _aAIYAR, A.N.
_96466
245 _aREPORTS OF COMPANY INCLUDING CASES ON BANKING AND INSURANCE, [VOL-34]
260 _aMADRAS
_bCOMPANY LAW INSTITUTE OF INDIA
_c1964
300 _aI-XV, P
650 _aLAW
_95701
942 _cJRL